Taylor Swift - You Are in Love Lyrics - Statistics

General Stats
  • This quiz has been taken 481 times
  • The average score is 323 of 372
Answer Stats
Answer % Correct
you
100%
You
100%
a
99%
are
98%
he
98%
He
98%
in
98%
love
98%
on
97%
The
97%
the
97%
it
96%
And
95%
and
95%
can
95%
hear
94%
way
94%
Way
94%
home
93%
true
93%
True
93%
see
92%
silence
92%
Silence
92%
feel
91%
his
91%
light
91%
to
91%
your
91%
my
89%
of
88%
lights
87%
Lights
87%
out
87%
with
87%
for
86%
is
86%
One
86%
one
86%
best
85%
look
85%
"Look
85%
friend"
84%
"You're
84%
just
83%
says
83%
word
83%
keep
81%
No
81%
was
81%
what
81%
go
80%
downtown
79%
knew
79%
they
79%
picture
78%
then
78%
dark
77%
keeps
77%
office
77%
room
77%
but
76%
face
76%
Why
76%
why
76%
into
73%
their
73%
life
72%
shirt
72%
trying
72%
up"
72%
whole
72%
words
72%
at
71%
enough
71%
night
71%
not
71%
put
71%
'Cause
70%
dancing
70%
fought
70%
lost
69%
Meant
69%
so
69%
let
68%
minds
68%
spent
68%
wars
68%
much
67%
now
67%
'round
67%
too
67%
two
67%
i've
66%
Pauses
66%
shoulders
66%
Strange
66%
touch
66%
understand
66%
once
65%
snow
65%
wakes
65%
fears
64%
midnight
64%
brush
63%
neck
63%
globe
62%
reflects
62%
said
62%
saw
61%
talk
61%
Coffee
60%
back
59%
felt
58%
toast
58%
goes
57%
place
57%
Time
57%
fight
56%
Morning
56%
play
56%
sidewalks
56%
Sunday
56%
chain
55%
ghosts
55%
kiss
55%
Burnt
54%
fast
54%
joke
54%
proof
53%
drives
51%
coat
50%
moved
50%
Buttons
49%
lighthearted
47%
Small
40%
step
31%
No matching quizzes found
Score Distribution
Percent of People with Each Score
Percentile by Number Answered
Your Score History
You have not taken this quiz